<?xml version="1.0" encoding="UTF-8"?>
<record
    xmlns:xsi="http://www.w3.org/2001/XMLSchema-instance"
    xsi:schemaLocation="http://www.loc.gov/MARC21/slim http://www.loc.gov/standards/marcxml/schema/MARC21slim.xsd"
    xmlns="http://www.loc.gov/MARC21/slim">

  <leader>01518    a2200217   4500</leader>
  <controlfield tag="001">113076</controlfield>
  <datafield tag="020" ind1=" " ind2=" ">
    <subfield code="a">8599520016</subfield>
  </datafield>
  <datafield tag="020" ind1=" " ind2=" ">
    <subfield code="a">9788554014070</subfield>
  </datafield>
  <datafield tag="041" ind1=" " ind2=" ">
    <subfield code="a">por</subfield>
  </datafield>
  <datafield tag="082" ind1=" " ind2=" ">
    <subfield code="a">AP SK 028</subfield>
  </datafield>
  <datafield tag="100" ind1=" " ind2=" ">
    <subfield code="a">Tolst&#xF3;i, Aleksei.</subfield>
  </datafield>
  <datafield tag="520" ind1=" " ind2=" ">
    <subfield code="a">Quantas pessoas e animais s&#xE3;o necess&#xE1;rios para colher um nabo? Imagine se este nabo fosse t&#xE3;o, t&#xE3;o grande que voc&#xEA; tivesse que pedir a ajuda de todos os seus amigos para arranc&#xE1;-lo da horta.

O nabo gigante, uma publica&#xE7;&#xE3;o do selo Girafinha, &#xE9; uma hist&#xF3;ria divertida e perfeita para ser lida em voz alta, em que um casal de velhinhos planta um nabo que cresce at&#xE9; ficar GIGANTE. No entanto, para retirar o legume do solo ser&#xE1; necess&#xE1;ria a ajuda de todos os animais da fazenda &#x2013; dos maiores aos menores.

Esta adapta&#xE7;&#xE3;o do cl&#xE1;ssico conto russo, escrita belamente por Aleksei Tolst&#xF3;i e ilustrada ao estilo r&#xFA;stico russo pela premiada artista Niamh Sharkey, mostra que o menor dos ajudantes pode fazer muita diferen&#xE7;a. A hist&#xF3;ria est&#xE1; alinhada com diversas compet&#xEA;ncias da BNCC, &#xE9; indicada para crian&#xE7;as em idade escolar pertinente &#xE0; Educa&#xE7;&#xE3;o Infantil e aborda temas como animais da fazenda, esta&#xE7;&#xF5;es do ano, contagem num&#xE9;rica &#x2013; tudo isso inclu&#xED;do na mesma narrativa c&#xED;clica.</subfield>
  </datafield>
  <datafield tag="521" ind1=" " ind2=" ">
    <subfield code="a">SK</subfield>
  </datafield>
  <datafield tag="697" ind1=" " ind2=" ">
    <subfield code="a">Literatura infanto-juvenil</subfield>
  </datafield>
  <datafield tag="856" ind1=" " ind2=" ">
    <subfield code="u">000003/00000375.jpg</subfield>
  </datafield>
  <datafield tag="040" ind1=" " ind2=" ">
    <subfield code="a">BR-BrIDEA</subfield>
    <subfield code="c">BR-BrIDEA</subfield>
  </datafield>
  <datafield tag="090" ind1=" " ind2=" ">
    <subfield code="a">AP SK 028</subfield>
    <subfield code="b">TOL</subfield>
  </datafield>
  <datafield tag="245" ind1="1" ind2="0">
    <subfield code="a">O nabo gigante</subfield>
    <subfield code="c"> Aleksei Tolst&#xF3;i</subfield>
  </datafield>
  <datafield tag="260" ind1=" " ind2=" ">
    <subfield code="a">S&#xE3;o Paulo</subfield>
    <subfield code="b">Girafinha</subfield>
    <subfield code="c">2005</subfield>
  </datafield>
  <datafield tag="942" ind1=" " ind2=" ">
    <subfield code="c">BK</subfield>
  </datafield>
  <datafield tag="952" ind1=" " ind2=" ">
    <subfield code="0">0</subfield>
    <subfield code="1">0</subfield>
    <subfield code="2">ddc</subfield>
    <subfield code="4">0</subfield>
    <subfield code="7">0</subfield>
    <subfield code="a">12.28</subfield>
    <subfield code="b">12.28</subfield>
    <subfield code="d">2015-03-16</subfield>
    <subfield code="l">3</subfield>
    <subfield code="o">P SK 028 TOL</subfield>
    <subfield code="p">00014392SSW</subfield>
    <subfield code="r">2024-05-24 08:45:58</subfield>
    <subfield code="s">2024-05-17</subfield>
    <subfield code="w">2024-01-23</subfield>
    <subfield code="y">BK</subfield>
  </datafield>
  <datafield tag="952" ind1=" " ind2=" ">
    <subfield code="0">0</subfield>
    <subfield code="1">0</subfield>
    <subfield code="2">ddc</subfield>
    <subfield code="4">0</subfield>
    <subfield code="7">0</subfield>
    <subfield code="a">12.27</subfield>
    <subfield code="b">12.27</subfield>
    <subfield code="d">2018-01-09</subfield>
    <subfield code="l">0</subfield>
    <subfield code="o">AP SK 028 TOL</subfield>
    <subfield code="p">00032128AGC</subfield>
    <subfield code="r">2024-01-23 14:50:59</subfield>
    <subfield code="w">2024-01-23</subfield>
    <subfield code="y">BK</subfield>
  </datafield>
  <datafield tag="952" ind1=" " ind2=" ">
    <subfield code="0">0</subfield>
    <subfield code="1">0</subfield>
    <subfield code="2">ddc</subfield>
    <subfield code="4">0</subfield>
    <subfield code="7">0</subfield>
    <subfield code="a">12.28</subfield>
    <subfield code="b">12.28</subfield>
    <subfield code="d">2015-12-01</subfield>
    <subfield code="l">1</subfield>
    <subfield code="o">P SK 028 TOL</subfield>
    <subfield code="p">00017671SSW</subfield>
    <subfield code="q">2024-07-28</subfield>
    <subfield code="r">2024-05-29 11:04:52</subfield>
    <subfield code="s">2024-05-29</subfield>
    <subfield code="w">2024-01-23</subfield>
    <subfield code="y">BK</subfield>
  </datafield>
  <datafield tag="952" ind1=" " ind2=" ">
    <subfield code="0">0</subfield>
    <subfield code="1">0</subfield>
    <subfield code="2">ddc</subfield>
    <subfield code="4">0</subfield>
    <subfield code="7">0</subfield>
    <subfield code="a">12.28</subfield>
    <subfield code="b">12.28</subfield>
    <subfield code="d">2015-03-16</subfield>
    <subfield code="l">1</subfield>
    <subfield code="o">P SK 028 TOL</subfield>
    <subfield code="p">00014394SSW</subfield>
    <subfield code="q">2024-07-28</subfield>
    <subfield code="r">2024-05-29 11:02:45</subfield>
    <subfield code="s">2024-05-29</subfield>
    <subfield code="w">2024-01-23</subfield>
    <subfield code="y">BK</subfield>
  </datafield>
  <datafield tag="952" ind1=" " ind2=" ">
    <subfield code="0">0</subfield>
    <subfield code="1">0</subfield>
    <subfield code="2">ddc</subfield>
    <subfield code="4">0</subfield>
    <subfield code="7">0</subfield>
    <subfield code="a">12.28</subfield>
    <subfield code="b">12.28</subfield>
    <subfield code="d">2015-03-16</subfield>
    <subfield code="l">1</subfield>
    <subfield code="o">P SK 028 TOL</subfield>
    <subfield code="p">00014393SSW</subfield>
    <subfield code="q">2024-07-28</subfield>
    <subfield code="r">2024-05-29 10:58:27</subfield>
    <subfield code="s">2024-05-29</subfield>
    <subfield code="w">2024-01-23</subfield>
    <subfield code="y">BK</subfield>
  </datafield>
  <datafield tag="952" ind1=" " ind2=" ">
    <subfield code="0">0</subfield>
    <subfield code="1">0</subfield>
    <subfield code="2">ddc</subfield>
    <subfield code="4">0</subfield>
    <subfield code="7">0</subfield>
    <subfield code="a">12.28</subfield>
    <subfield code="b">12.28</subfield>
    <subfield code="d">2021-07-29</subfield>
    <subfield code="l">0</subfield>
    <subfield code="o">P SK 028 TOL</subfield>
    <subfield code="p">00054553SSW</subfield>
    <subfield code="r">2024-01-23 14:50:59</subfield>
    <subfield code="w">2024-01-23</subfield>
    <subfield code="y">BK</subfield>
  </datafield>
  <datafield tag="952" ind1=" " ind2=" ">
    <subfield code="0">0</subfield>
    <subfield code="1">0</subfield>
    <subfield code="2">ddc</subfield>
    <subfield code="4">0</subfield>
    <subfield code="7">0</subfield>
    <subfield code="a">12.27</subfield>
    <subfield code="b">12.27</subfield>
    <subfield code="d">2021-06-17</subfield>
    <subfield code="l">0</subfield>
    <subfield code="o">AP SK 028 TOL</subfield>
    <subfield code="p">00054380AGC</subfield>
    <subfield code="r">2024-01-23 14:50:59</subfield>
    <subfield code="w">2024-01-23</subfield>
    <subfield code="y">BK</subfield>
  </datafield>
  <datafield tag="952" ind1=" " ind2=" ">
    <subfield code="0">0</subfield>
    <subfield code="1">0</subfield>
    <subfield code="2">ddc</subfield>
    <subfield code="4">0</subfield>
    <subfield code="7">0</subfield>
    <subfield code="a">12.27</subfield>
    <subfield code="b">12.27</subfield>
    <subfield code="d">2021-06-17</subfield>
    <subfield code="l">2</subfield>
    <subfield code="o">AP SK 028 TOL</subfield>
    <subfield code="p">00054381AGC</subfield>
    <subfield code="r">2024-06-25 16:04:28</subfield>
    <subfield code="s">2024-06-12</subfield>
    <subfield code="w">2024-01-23</subfield>
    <subfield code="y">BK</subfield>
  </datafield>
  <datafield tag="999" ind1=" " ind2=" ">
    <subfield code="c">113076</subfield>
    <subfield code="d">113076</subfield>
  </datafield>
</record>
